| 000 | 00575nam a2200205 i 4500 | ||
|---|---|---|---|
| 001 | bg | ||
| 100 | 1 | _aJAŚLAN, Wiktor | |
| 245 | 1 | 0 |
_aUmowy w działalności gospodarczej : _bumowy - objaśnienia - orzecznictwo / _cWiktor Jaślan. |
| 260 |
_aWarszawa : _bWydaw. Książkowe INFOR, _c1998. |
||
| 300 |
_a312 s. ; _c21 cm. |
||
| 500 | _aZawiera wzory umów. | ||
| 650 | 9 |
_aUmowa _xgospodarka _zPolska |
|
| 020 | _a8387261416 | ||
| 040 | _cBPK | ||
| 041 | 0 | _apl | |
| 080 | _a347.4 | ||
| 920 | _a83-87261-41-6 | ||
| 942 | _cKS | ||
| 008 | s pl f |000 0 pol | ||
| 999 |
_c33246 _d33246 |
||
| 856 |
_uhttp://koha.tu.koszalin.pl/cgi-bin/koha/opac-detail.pl?biblionumber=33246 _yKatalog online BPK |
||